[Event "Montcalm III 1998-99"]
[Site "Quebec CAN"]
[Date "1998.12.03"]
[Round "2"]
[White "Pescarus, Radu"]
[Black "Campbell, Gaetan"]
[Result "1-0"]
[WhiteElo "2003"]
[BlackElo "1825"]
[PlyCount "63"]
[GameId "2160767911806059"]
[EventDate "1998.11.26"]
[EventType "swiss"]
[EventRounds "4"]
[EventCountry "CAN"]

1. e4 e5 2. Nf3 Nc6 3. Bb5 Nd4 4. Nxd4 exd4 5. O-O c6 6. Bc4 d6 7. c3 b5 8. Bb3 dxc3 9. bxc3 Nf6 10. d4 Be7 11. Qd3 O-O 12. a4 a5 13. Re1 Ba6 14. Qc2 Qc7 15. Ba3 Rfe8 16. Nd2 Rab8 17. Nf3 bxa4 18. Bxa4 Bb5 19. Bb3 Bf8 20. Ng5 d5 21. Bxf8 Rxf8 22. e5 Ne4 23. Rxe4 dxe4 24. Qxe4 g6 25. Qh4 h5 26. e6 Qe7 27. exf7+ Kh8 28. Qg3 a4 29. Ne6 Qxf7 30. Nxf8 Qxf8 31. Bc2 Qg8 32. Bxg6 1-0

[Event "Montcalm III 1998-99"]
[Site "Quebec CAN"]
[Date "1998.12.10"]
[Round "3"]
[White "Wirth, Thierry"]
[Black "Beaudry, Marc-Andre"]
[Result "0-1"]
[WhiteElo "1713"]
[BlackElo "2083"]
[PlyCount "138"]
[GameId "2160767911806060"]
[EventDate "1998.11.26"]
[EventType "swiss"]
[EventRounds "4"]
[EventCountry "CAN"]

1. e4 e6 2. d4 d5 3. Nc3 Bb4 4. e5 c5 5. a3 Bxc3+ 6. bxc3 Qc7 7. Bd2 Ne7 8. Bd3 c4 9. Be2 Bd7 10. f4 Ba4 11. Nf3 h5 12. Ng5 g6 13. O-O Nbc6 14. Be1 Nf5 15. Qc1 O-O-O 16. Rf3 Qe7 17. Qb2 f6 18. exf6 Qxf6 19. Rb1 Rd7 20. Bf2 Kb8 21. Bf1 Re8 22. Re1 Rd6 23. Qa2 Nd8 24. Qa1 Ra6 25. Qb2 Nc6 26. Nh7 Qe7 27. Ng5 Rb6 28. Qa2 Nd8 29. Rb1 Ra6 30. Rc1 Rb6 31. Rh3 Qd6 32. Rf3 Rb5 33. g3 Qb6 34. Be1 Rb2 35. Qa1 Rxc2 36. Rxc2 Bxc2 37. Qa2 Qb3 38. Qa1 Qb1 39. Qxb1 Bxb1 40. Bd2 Nd6 41. Re3 Ne4 42. Nxe4 Bxe4 43. Bxc4 dxc4 44. Rxe4 Rf8 45. Kg2 Kc7 46. Kh3 Kd6 47. Bc1 Rf5 48. Kg2 Kd5 49. Re2 Kd6 50. Rb2 a6 51. Rb4 Kd5 52. Kf3 g5 53. Ke2 g4 54. Ke3 Rf7 55. a4 Nc6 56. Rb6 Ne7 57. Ke2 Nf5 58. Ba3 Rh7 59. Kf2 Rd7 60. Ke2 h4 61. Kf2 hxg3+ 62. hxg3 Rh7 63. Kg2 Rh3 64. Rxb7 Rxg3+ 65. Kf2 Rxc3 66. Bb4 Rc2+ 67. Ke1 Ke4 68. Rb6 Nxd4 69. Rxa6 g3 0-1

[Event "Montcalm III 1998-99"]
[Site "Quebec CAN"]
[Date "1998.12.17"]
[Round "4"]
[White "Beaudry, Marc-Andre"]
[Black "Martineau, Michel"]
[Result "1-0"]
[WhiteElo "2083"]
[BlackElo "1947"]
[PlyCount "85"]
[GameId "2160767911806061"]
[EventDate "1998.11.26"]
[EventType "swiss"]
[EventRounds "4"]
[EventCountry "CAN"]

1. c4 g6 2. Nc3 Bg7 3. e4 d6 4. d4 Nc6 5. Be3 e5 6. Nge2 f5 7. f3 Nf6 8. d5 Ne7 9. h3 O-O 10. g4 Bd7 11. Qd2 Qe8 12. c5 Qf7 13. cxd6 cxd6 14. Bg2 f4 15. Bf2 Rfc8 16. Nc1 b5 17. Bf1 Qe8 18. Qd3 b4 19. Nb5 Bxb5 20. Qxb5 Rc2 21. Qxe8+ Nxe8 22. Rb1 Rac8 23. Nb3 Bf6 24. Bd3 R2c7 25. Kd2 a5 26. Bb6 Rb7 27. Bxa5 Nc7 28. Rhc1 Bh4 29. Ke2 Nb5 30. Rxc8+ Nxc8 31. Bxb5 Rxb5 32. Rc1 Nb6 33. Bxb6 Rxb6 34. Rc6 Rxc6 35. dxc6 Bd8 36. Kd3 Kf7 37. Kc4 Kf6 38. Nc1 h5 39. Nd3 b3 40. a4 h4 41. Nb4 Ba5 42. Nd3 g5 43. Kxb3 1-0

[Event "Montcalm IV 1997-98"]
[Site "Quebec CAN"]
[Date "1998.01.14"]
[Round "1"]
[White "Hebert, Marc"]
[Black "Delisle, Louis-Martin"]
[Result "1-0"]
[WhiteElo "1755"]
[BlackElo "1445"]
[PlyCount "85"]
[GameId "2160767911874060"]
[EventDate "1998.01.14"]
[EventType "swiss"]
[EventRounds "5"]
[EventCountry "CAN"]

1. d4 Nf6 2. Nc3 d5 3. Bg5 e6 4. e4 dxe4 5. Nxe4 Be7 6. Bxf6 Bxf6 7. Nf3 Nd7 8. Bd3 h6 9. O-O b6 10. Re1 Bb7 11. Nxf6+ Qxf6 12. Ne5 Qg5 13. Bf1 Nxe5 14. Rxe5 Qe7 15. Bb5+ c6 16. Bd3 Qb4 17. Qg4 O-O-O 18. Qxg7 Qxb2 19. Rae1 Qxd4 20. Qxf7 Kb8 21. Qxe6 Rhf8 22. Rf5 Bc8 23. Qe5+ Qxe5 24. Rfxe5 Rf7 25. a4 Rd4 26. R1e4 Rd6 27. f4 Bf5 28. Rxf5 Rxf5 29. Re8+ Kc7 30. Bxf5 Rf6 31. g4 h5 32. h3 hxg4 33. hxg4 Kd6 34. Kf2 Kc5 35. Ke3 Rd6 36. g5 Rd1 37. Re5+ Kb4 38. Re4+ Kc3 39. g6 Rg1 40. Kf2 Rc1 41. Re1 Rxe1 42. Kxe1 c5 43. g7 1-0

[Event "Montcalm IV 1997-98"]
[Site "Quebec CAN"]
[Date "1998.01.21"]
[Round "2"]
[White "Bender, Karl"]
[Black "Hebert, Marc"]
[Result "1-0"]
[WhiteElo "1500"]
[BlackElo "1755"]
[PlyCount "61"]
[GameId "2160767911874061"]
[EventDate "1998.01.14"]
[EventType "swiss"]
[EventRounds "5"]
[EventCountry "CAN"]

1. d4 Nf6 2. c4 e6 3. Nc3 d5 4. e3 c6 5. Nf3 Nbd7 6. Be2 dxc4 7. Bxc4 Bd6 8. e4 e5 9. dxe5 Bxe5 10. Nxe5 Nxe5 11. Qxd8+ Kxd8 12. Bb3 Ke7 13. O-O Be6 14. Bc2 Nfd7 15. f4 Ng4 16. h3 Ngf6 17. b3 Nb6 18. f5 Bd7 19. Ba3+ Ke8 20. Rad1 Rd8 21. g4 h6 22. e5 Nfd5 23. Ne4 Nc8 24. Rd3 Nce7 25. Nd6+ Kf8 26. f6 gxf6 27. exf6 Nxf6 28. Rxf6 Be6 29. Nxb7 Rxd3 30. Bxd3 h5 31. Nd8 1-0

[Event "Montcalm IV 1997-98"]
[Site "Quebec CAN"]
[Date "1998.01.28"]
[Round "3"]
[White "Hebert, Marc"]
[Black "Pouliot, Lewis"]
[Result "1/2-1/2"]
[WhiteElo "1755"]
[BlackElo "1477"]
[PlyCount "87"]
[GameId "2160767911874062"]
[EventDate "1998.01.14"]
[EventType "swiss"]
[EventRounds "5"]
[EventCountry "CAN"]

1. d4 Nf6 2. c4 e6 3. Nc3 Bb4 4. Qb3 Bxc3+ 5. Qxc3 b6 6. Nf3 Ne4 7. Qc2 Bb7 8. e3 c5 9. Bd3 f5 10. Ne5 d6 11. Qa4+ Kf8 12. Nf3 Kf7 13. O-O Rf8 14. Qc2 Kg8 15. Nd2 Nxd2 16. Bxd2 Qg5 17. f3 Qe7 18. Rae1 cxd4 19. exd4 Qf6 20. Bc3 d5 21. Qe2 Re8 22. cxd5 Bxd5 23. Bb5 Re7 24. Bc4 Nc6 25. Bxd5 exd5 26. Qb5 Rxe1 27. Rxe1 Qd6 28. a4 Kf7 29. Qd3 g6 30. Qe3 f4 31. Qd3 Re8 32. Rxe8 Kxe8 33. Kf2 Kf7 34. g3 Ne7 35. Qa6 fxg3+ 36. hxg3 Qc7 37. Qe2 Nc6 38. Qe3 Qd6 39. Qh6 Kg8 40. Qh3 Ne7 41. Qg4 Kf7 42. Qh4 Kg8 43. Qg4 Kf7 44. Qh4 1/2-1/2

[Event "Montcalm IV 1997-98"]
[Site "Quebec CAN"]
[Date "1998.02.04"]
[Round "4"]
[White "Hebert, Marc"]
[Black "Dion, Jean-Francois"]
[Result "1-0"]
[WhiteElo "1755"]
[BlackElo "1641"]
[PlyCount "55"]
[GameId "2160767911874063"]
[EventDate "1998.01.14"]
[EventType "swiss"]
[EventRounds "5"]
[EventCountry "CAN"]

1. d4 Nf6 2. Nc3 g6 3. e4 d6 4. f4 Bg7 5. Nf3 O-O 6. Be3 c6 7. h3 Nbd7 8. Qd2 Nh5 9. O-O-O Ng3 10. Rg1 Nf6 11. Bd3 Qc7 12. e5 dxe5 13. fxe5 Nd5 14. Nxd5 cxd5 15. Qf2 Nf5 16. Bf4 e6 17. g4 Ne7 18. Kb1 f5 19. Qg3 fxg4 20. hxg4 Bd7 21. Rh1 h6 22. Bxh6 Bxh6 23. Rxh6 Kg7 24. Qh4 Rf7 25. Rh7+ Kf8 26. Rxf7+ Kxf7 27. Ng5+ Kf8 28. Rf1+ 1-0

[Event "Montcalm IV 1997-98"]
[Site "Quebec CAN"]
[Date "1998.02.11"]
[Round "5"]
[White "Moisan, Francois"]
[Black "Hebert, Marc"]
[Result "0-1"]
[WhiteElo "1450"]
[BlackElo "1755"]
[PlyCount "76"]
[GameId "2160767911874064"]
[EventDate "1998.01.14"]
[EventType "swiss"]
[EventRounds "5"]
[EventCountry "CAN"]

1. e4 e5 2. Nf3 Nc6 3. Bb5 d6 4. O-O Bd7 5. c3 Nge7 6. d4 f6 7. h3 a6 8. Ba4 g6 9. Nh2 Bg7 10. f4 O-O 11. fxe5 fxe5 12. Rxf8+ Kxf8 13. Qf3+ Kg8 14. d5 Nb8 15. Bd1 Qf8 16. Bg5 h6 17. Be3 Qxf3 18. Bxf3 a5 19. Ng4 Kh7 20. Nd2 h5 21. Nh2 Bh6 22. Ndf1 Na6 23. g4 Bxe3+ 24. Nxe3 Nc5 25. Rd1 Rf8 26. Kg2 Rf4 27. Rf1 Kh6 28. gxh5 gxh5 29. Nf5+ Nxf5 30. exf5 Bxf5 31. a3 a4 32. Kg3 Nd3 33. h4 Nxb2 34. Bg2 Rxf1 35. Nxf1 Nc4 36. Kf3 Nxa3 37. Ne3 Bd3 38. Nd1 Nc4 0-1

[Event "Montcalm V 1997-98"]
[Site "Quebec CAN"]
[Date "1998.02.18"]
[Round "1"]
[White "Delisle, Louis-Martin"]
[Black "Hebert, Marc"]
[Result "1-0"]
[WhiteElo "1453"]
[BlackElo "1780"]
[PlyCount "107"]
[GameId "2160767911873892"]
[EventDate "1998.02.18"]
[EventType "swiss"]
[EventRounds "3"]
[EventCountry "CAN"]

1. f4 d5 2. Nf3 Nf6 3. b3 c5 4. e3 Bg4 5. h3 Bxf3 6. Qxf3 e6 7. Bb5+ Nc6 8. Bxc6+ bxc6 9. c4 Be7 10. O-O O-O 11. d3 Re8 12. Bb2 Bf8 13. Nc3 Qe7 14. e4 Rad8 15. e5 Nd7 16. Rae1 Nb8 17. f5 Qd7 18. f6 gxf6 19. Qg3+ Kh8 20. Rxf6 Bg7 21. Rf2 Rg8 22. Qf4 Rdf8 23. Qh4 Qc7 24. Nd1 d4 25. Qh5 Nd7 26. Bc1 Nxe5 27. Nb2 f6 28. Bf4 Qe7 29. Bxe5 fxe5 30. Ref1 Rxf2 31. Rxf2 Rf8 32. Nd1 Kg8 33. Rf3 Rf6 34. Qh4 Qf7 35. Rxf6 Qxf6 36. Qe4 Qf5 37. Nf2 Bh6 38. g4 Qf6 39. Kg2 Be3 40. Nh1 Qf4 41. Qxc6 Kf7 42. Qd7+ Kg6 43. Qxe6+ Kg5 44. Qd5 h5 45. Qd8+ Qf6 46. Qxf6+ Kxf6 47. Ng3 hxg4 48. hxg4 Kg5 49. Kf3 Bc1 50. Ne4+ Kg6 51. Nxc5 Ba3 52. Ne4 a5 53. Kg3 Be7 54. c5 1-0

[Event "Montcalm V 1997-98"]
[Site "Quebec CAN"]
[Date "1998.02.27"]
[Round "2"]
[White "Hebert, Marc"]
[Black "Pelletier, Luc"]
[Result "1-0"]
[WhiteElo "1780"]
[BlackElo "1474"]
[PlyCount "65"]
[GameId "2160767911873893"]
[EventDate "1998.02.18"]
[EventType "swiss"]
[EventRounds "3"]
[EventCountry "CAN"]

1. d4 d5 2. c4 c6 3. Nf3 Bg4 4. Ne5 Bf5 5. Nc3 Nf6 6. Qb3 Qc7 7. Bf4 Be6 8. e3 Qb6 9. Qc2 g6 10. Bd3 Bg7 11. O-O Nbd7 12. c5 Qd8 13. b4 Nxe5 14. Bxe5 O-O 15. h3 b5 16. cxb6 axb6 17. Ne2 Nd7 18. Bxg7 Kxg7 19. Qxc6 Rc8 20. Qb5 Nf6 21. Rfc1 Bd7 22. Rxc8 Qxc8 23. Qxb6 Bxh3 24. gxh3 Qxh3 25. Qc7 h5 26. Qg3 Qd7 27. b5 Rh8 28. Nf4 Ne4 29. Bxe4 dxe4 30. Rb1 h4 31. Qg5 h3 32. Kh2 Qd6 33. Qe5+ 1-0

[Event "Montcalm V 1997-98"]
[Site "Quebec CAN"]
[Date "1998.03.04"]
[Round "3"]
[White "Dion, Jean-Francois"]
[Black "Hebert, Marc"]
[Result "1/2-1/2"]
[WhiteElo "1658"]
[BlackElo "1780"]
[PlyCount "96"]
[GameId "2160767911873894"]
[EventDate "1998.02.18"]
[EventType "swiss"]
[EventRounds "3"]
[EventCountry "CAN"]

1. d4 e6 2. Nf3 Nf6 3. Bf4 c5 4. c3 Qb6 5. Qb3 Nc6 6. Qxb6 axb6 7. Nbd2 d5 8. e3 Bd7 9. Bc7 cxd4 10. exd4 Be7 11. Bxb6 O-O 12. Bd3 Rfe8 13. O-O Bd6 14. a4 Ne7 15. a5 Nc8 16. Ne5 Bxe5 17. dxe5 Nxb6 18. exf6 Nc8 19. fxg7 Nd6 20. Nb3 e5 21. Nc5 Bc6 22. a6 bxa6 23. Nxa6 Re7 24. Nb4 Rxa1 25. Rxa1 Bb7 26. Ra7 Nc8 27. Ra5 d4 28. Nd5 Bxd5 29. Rxd5 dxc3 30. bxc3 Kxg7 31. f3 Rc7 32. Rxe5 Rxc3 33. Be4 f6 34. Rd5 Rc7 35. Kf2 Ne7 36. Rh5 Ng6 37. Ke3 h6 38. h4 Rc1 39. g3 Rg1 40. Kf2 Ra1 41. Rb5 Ra7 42. Rb7+ Rxb7 43. Bxb7 f5 44. h5 Ne5 45. Bc8 Kf6 46. g4 fxg4 47. fxg4 Nxg4+ 48. Bxg4 Kg7 1/2-1/2

[Event "Montcalm V 1997-98"]
[Site "Quebec CAN"]
[Date "1998.03.11"]
[Round "4"]
[White "Hebert, Marc"]
[Black "Sylvain, Gabriel"]
[Result "1-0"]
[WhiteElo "1780"]
[BlackElo "1510"]
[PlyCount "44"]
[GameId "2160767911873895"]
[EventDate "1998.02.18"]
[EventType "swiss"]
[EventRounds "3"]
[EventCountry "CAN"]

1. d4 Nf6 2. c4 e6 3. Nc3 Bb4 4. e3 d5 5. Qa4+ Nc6 6. Nf3 Bd7 7. Qb3 O-O 8. Bd3 Qe7 9. cxd5 exd5 10. O-O Bxc3 11. bxc3 Na5 12. Qc2 Rfe8 13. Ne5 b5 14. Bd2 Nc4 15. f4 h6 16. Rae1 Rad8 17. h3 c5 18. Bc1 Rc8 19. Qe2 Nd6 20. Ba3 Nde4 21. Nxd7 Nxd7 22. Bxe4 dxe4 1-0

[Event "Montcalm VI 1997-98"]
[Site "Quebec CAN"]
[Date "1998.03.25"]
[Round "1"]
[White "Auger, Bertrand"]
[Black "Bender, Karl"]
[Result "1/2-1/2"]
[WhiteElo "1963"]
[BlackElo "1453"]
[PlyCount "86"]
[GameId "2160767911873689"]
[EventDate "1998.03.25"]
[EventType "swiss"]
[EventRounds "5"]
[EventCountry "CAN"]

1. Nf3 Nf6 2. g3 d5 3. c4 c6 4. b3 g6 5. Bg2 Qb6 6. cxd5 Bg7 7. O-O cxd5 8. Bb2 e6 9. Bd4 Qd8 10. Qc1 Nc6 11. Bc3 Bd7 12. Qa3 Qe7 13. Qb2 O-O 14. d3 Nh5 15. Bxg7 Nxg7 16. Nc3 Rac8 17. Rac1 a6 18. Na4 f6 19. Nc5 Be8 20. b4 Nb8 21. a3 b6 22. Nb3 Bd7 23. Nfd2 Rxc1 24. Rxc1 Rc8 25. Qd4 Rxc1+ 26. Nxc1 Qd8 27. b5 Nf5 28. Qb2 Bxb5 29. e4 dxe4 30. Nxe4 Nd4 31. Nb3 e5 32. Nxd4 exd4 33. Qb3+ Kg7 34. h4 Be8 35. Bh3 Bf7 36. Be6 Be8 37. Qc4 Bb5 38. Qb3 Bc6 39. f3 Bxe4 40. fxe4 Qd6 41. Kf2 a5 42. Bg8 Qf8 43. Be6 Qd6 1/2-1/2

[Event "Montreal op"]
[Site "Montreal CAN"]
[Date "1998.09.07"]
[Round "4"]
[White "Soudre, Nicolas"]
[Black "Larochelle, Martial"]
[Result "0-1"]
[WhiteElo "2045"]
[BlackElo "2100"]
[PlyCount "98"]
[GameId "2160767911806459"]
[EventDate "1998.09.05"]
[EventType "swiss"]
[EventRounds "5"]
[EventCountry "CAN"]
[SourceTitle "Echec+ 1998.11"]

1. e4 c5 2. f4 d5 3. Nc3 dxe4 4. Nxe4 e6 5. Nf3 Nc6 6. g3 Nf6 7. Qe2 Be7 8. Bg2 O-O 9. O-O Nd4 10. Nxd4 cxd4 11. d3 Qc7 12. b3 Rd8 13. Bb2 Rb8 14. Rac1 Qd7 15. Rfe1 b6 16. Nxf6+ Bxf6 17. Be4 Ba6 18. Qg2 Rbc8 19. Qh3 g6 20. g4 Rc5 21. Rf1 Rdc8 22. Rf2 e5 23. b4 R5c7 24. Qf3 exf4 25. Qxf4 Bh4 26. Rg2 Be7 27. a3 Bf8 28. h4 Bg7 29. h5 Qe7 30. hxg6 hxg6 31. Rf2 Rd8 32. Rcf1 Bb7 33. Re1 Be5 34. Qf3 Bg7 35. Rfe2 Bxe4 36. Rxe4 Qd7 37. Re7 Qxe7 38. Rxe7 Rxe7 39. Qf2 Bh6 40. Qh4 Be3+ 41. Kf1 g5 42. Qh3 Rc8 43. Qg2 Rec7 44. Qd5 Rxc2 45. Qb3 Rf2+ 46. Ke1 Rcc2 47. Qa4 Rxb2 48. Qe8+ Kh7 49. Qe4+ Kh6 0-1

[Event "North Bay int"]
[Site "North Bay CAN"]
[Date "1998.08.05"]
[Round "1"]
[White "Betaneli, Alexander"]
[Black "Mayo, Alvah"]
[Result "1-0"]
[WhiteElo "2340"]
[BlackElo "2154"]
[PlyCount "87"]
[GameId "2160767911806526"]
[EventDate "1998.08.05"]
[EventType "swiss"]
[EventRounds "9"]
[EventCountry "CAN"]
[SourceTitle "EXT 99"]
[Source "ChessBase"]
[SourceDate "1998.11.10"]
[SourceVersion "1"]
[SourceVersionDate "1998.11.10"]
[SourceQuality "1"]

1. c4 e5 2. g3 d6 3. Bg2 f5 4. Nc3 Nf6 5. Rb1 Be7 6. e3 c6 7. Nge2 O-O 8. O-O Na6 9. d4 e4 10. b4 Nc7 11. d5 Qe8 12. Qb3 Kh8 13. f3 exf3 14. Bxf3 cxd5 15. cxd5 Bd7 16. a4 Rc8 17. b5 Qf7 18. Bb2 Bd8 19. a5 Qe7 20. Bc1 Be8 21. Nd4 Bg6 22. Ra1 Nd7 23. a6 bxa6 24. Nc6 Qf6 25. bxa6 Nc5 26. Qc4 f4 27. Qxf4 N7xa6 28. Nxa7 Be7 29. Qxf6 Bxf6 30. Nxc8 Bxc3 31. Rxa6 Nxa6 32. Nxd6 Kg8 33. Be2 Rxf1+ 34. Bxf1 Nb4 35. Nb5 Be5 36. Bc4 Kf7 37. Ba3 Nc2 38. d6+ Ke8 39. Nc7+ Kd7 40. Bb5+ Kc8 41. Ne6 Bf6 42. Bb2 Bf5 43. d7+ Kb7 44. Bxf6 1-0

[Event "North Bay int"]
[Site "North Bay CAN"]
[Date "1998.08.05"]
[Round "1"]
[White "Burnett, Ronald"]
[Black "Peredun, Andrew"]
[Result "1-0"]
[WhiteElo "2395"]
[BlackElo "2234"]
[PlyCount "71"]
[GameId "2160767911806527"]
[EventDate "1998.08.05"]
[EventType "swiss"]
[EventRounds "9"]
[EventCountry "CAN"]
[SourceTitle "EXT 99"]
[Source "ChessBase"]
[SourceDate "1998.11.10"]
[SourceVersion "1"]
[SourceVersionDate "1998.11.10"]
[SourceQuality "1"]

1. e4 e5 2. Nf3 Nc6 3. Bb5 a6 4. Ba4 Nf6 5. O-O Be7 6. Bxc6 dxc6 7. Qe1 Be6 8. b3 Nd7 9. Bb2 f6 10. d4 Bd6 11. Nbd2 O-O 12. Qe2 Qe7 13. Nc4 exd4 14. Nxd4 Ne5 15. Na5 Bb4 16. Nxb7 Rfb8 17. a3 Rxb7 18. axb4 Rxb4 19. Ba3 Bg4 20. Qd2 Rxd4 21. Qxd4 Qe6 22. f4 Nf7 23. f5 Qe8 24. h3 Rd8 25. Qb4 Bh5 26. Qe7 Ng5 27. e5 Rd2 28. Qxe8+ Bxe8 29. Bc1 Rxc2 30. Bxg5 fxg5 31. Rxa6 c5 32. Ra8 Kf7 33. Rc8 c6 34. Ra1 Re2 35. Ra7+ Kf8 36. e6 1-0

[Event "North Bay int"]
[Site "North Bay CAN"]
[Date "1998.08.05"]
[Round "1"]
[White "Charest, Johanne"]
[Black "Dougherty, Michael"]
[Result "0-1"]
[WhiteElo "2110"]
[BlackElo "2295"]
[PlyCount "86"]
[GameId "2160767911806530"]
[EventDate "1998.08.05"]
[EventType "swiss"]
[EventRounds "9"]
[EventCountry "CAN"]
[SourceTitle "EXT 1999"]
[Source "ChessBase"]
[SourceDate "1998.11.10"]
[SourceVersion "1"]
[SourceVersionDate "1998.11.10"]
[SourceQuality "1"]

1. e4 c5 2. Nc3 e6 3. g3 d5 4. exd5 exd5 5. Bg2 Nf6 6. d3 d4 7. Ne4 Nxe4 8. Bxe4 Nd7 9. Ne2 Nf6 10. Bg5 Qa5+ 11. Bd2 Qc7 12. Bg2 Bd7 13. O-O Bc6 14. Re1 O-O-O 15. Bxc6 Qxc6 16. a3 Bd6 17. b4 h5 18. bxc5 Bc7 19. c3 dxc3 20. Bxc3 Ng4 21. Nd4 Qxc5 22. Rc1 Kb8 23. Qb3 Rxd4 24. Bxd4 Qxd4 25. Qxf7 Bb6 26. Re2 Rd8 27. h3 Qxd3 28. Qf4+ Ka8 29. Rec2 a5 30. hxg4 Qxa3 31. Rc8+ Rxc8 32. Rxc8+ Ka7 33. Qb8+ Ka6 34. Qa8+ Ba7 35. Rc2 Qxg3+ 36. Kh1 Qh3+ 37. Kg1 Qxg4+ 38. Kh2 Qf4+ 39. Kg1 Qg4+ 40. Kh2 Qh4+ 41. Kg1 Qg3+ 42. Kh1 Qf3+ 43. Kh2 h4 0-1

[Event "North Bay int"]
[Site "North Bay CAN"]
[Date "1998.08.05"]
[Round "1"]
[White "Ciaffone, Robert"]
[Black "Tyomkin, Dimitri"]
[Result "0-1"]
[WhiteElo "2205"]
[BlackElo "2465"]
[PlyCount "80"]
[GameId "2160767911806531"]
[EventDate "1998.08.05"]
[EventType "swiss"]
[EventRounds "9"]
[EventCountry "CAN"]
[SourceTitle "EXT 99"]
[Source "ChessBase"]
[SourceDate "1998.11.10"]
[SourceVersion "1"]
[SourceVersionDate "1998.11.10"]
[SourceQuality "1"]

1. e4 c5 2. Nf3 d6 3. d4 cxd4 4. Nxd4 Nf6 5. Nc3 Nc6 6. Bg5 e6 7. Qd2 a6 8. O-O-O h6 9. Be3 Be7 10. f4 Nxd4 11. Bxd4 b5 12. Bd3 b4 13. Na4 Rb8 14. b3 Qc7 15. Kb1 e5 16. Bf2 O-O 17. Rhe1 Rd8 18. c4 Bg4 19. Rc1 Bd7 20. Nb2 exf4 21. Bd4 Ng4 22. Rh1 a5 23. Rcf1 Ne5 24. Qxf4 Bg5 25. Qf2 Bc6 26. h4 Bf6 27. Qg3 Qe7 28. Rf4 Ng4 29. Rxf6 Nxf6 30. Rf1 Ne8 31. Rf4 a4 32. Rg4 f6 33. h5 axb3 34. axb3 Ra8 35. Nd1 Ra3 36. Bc2 Ra5 37. Ne3 Rxh5 38. Nd5 Bxd5 39. exd5 Rh1+ 40. Kb2 Qe1 0-1

[Event "North Bay int"]
[Site "North Bay CAN"]
[Date "1998.08.05"]
[Round "1"]
[White "Cormos, Eugene"]
[Black "Huber, Gregory"]
[Result "1/2-1/2"]
[WhiteElo "2095"]
[BlackElo "2265"]
[PlyCount "51"]
[GameId "2160767911806532"]
[EventDate "1998.08.05"]
[EventType "swiss"]
[EventRounds "9"]
[EventCountry "CAN"]
[SourceTitle "EXT 1999"]
[Source "ChessBase"]
[SourceDate "1998.11.10"]
[SourceVersion "1"]
[SourceVersionDate "1998.11.10"]
[SourceQuality "1"]

1. e4 c5 2. c3 d5 3. exd5 Qxd5 4. d4 Nc6 5. Nf3 Nf6 6. Be3 cxd4 7. cxd4 Bg4 8. Nc3 Bxf3 9. gxf3 Qa5 10. Qb3 Qb4 11. d5 Qxb3 12. axb3 Nb4 13. O-O-O a6 14. Bh3 Rd8 15. Bb6 Rxd5 16. Nxd5 Nfxd5 17. Bd4 e6 18. Rhe1 Rg8 19. Kb1 Bd6 20. Bc3 Ke7 21. Re4 a5 22. f4 g6 23. Bg2 b6 24. Red4 Rd8 25. Bxb4 Nxb4 26. Bf3 1/2-1/2

[Event "North Bay int"]
[Site "North Bay CAN"]
[Date "1998.08.05"]
[Round "1"]
[White "Djerkovic, Miladin"]
[Black "Friedman, Josef"]
[Result "0-1"]
[WhiteElo "2265"]
[BlackElo "2195"]
[PlyCount "76"]
[GameId "2160767911806535"]
[EventDate "1998.08.05"]
[EventType "swiss"]
[EventRounds "9"]
[EventCountry "CAN"]
[SourceTitle "EXT 99"]
[Source "ChessBase"]
[SourceDate "1998.11.10"]
[SourceVersion "1"]
[SourceVersionDate "1998.11.10"]
[SourceQuality "1"]

1. e4 e6 2. d4 d5 3. Nc3 Bb4 4. e5 c5 5. a3 Bxc3+ 6. bxc3 Qc7 7. Qg4 f5 8. Qh5+ Qf7 9. Qxf7+ Kxf7 10. dxc5 Nd7 11. Nf3 Nxc5 12. c4 Ne7 13. Be3 b6 14. Bxc5 bxc5 15. Rb1 a6 16. Rb6 h6 17. Bd3 d4 18. O-O Bd7 19. Nd2 Rhb8 20. Rfb1 Rc8 21. Be2 Ba4 22. R1b2 Ra7 23. f4 Rcc7 24. Nb3 Nc8 25. Rb8 Rab7 26. Ra8 Rb6 27. Ra2 Bc6 28. Rxc8 Rxc8 29. Nxc5 Be4 30. Nb3 d3 31. cxd3 Bxd3 32. Bxd3 Rxb3 33. Be2 a5 34. Kf2 Ke7 35. a4 g5 36. g3 gxf4 37. gxf4 Rc7 38. Rd2 Ra3 0-1

[Event "North Bay int"]
[Site "North Bay CAN"]
[Date "1998.08.05"]
[Round "1"]
[White "Dutton, Warren"]
[Black "Olszewski, Piotr"]
[Result "0-1"]
[WhiteElo "2025"]
[BlackElo "2315"]
[PlyCount "70"]
[GameId "2160767911806536"]
[EventDate "1998.08.05"]
[EventType "swiss"]
[EventRounds "9"]
[EventCountry "CAN"]
[SourceTitle "EXT 1999"]
[Source "ChessBase"]
[SourceDate "1998.11.10"]
[SourceVersion "1"]
[SourceVersionDate "1998.11.10"]
[SourceQuality "1"]

1. e4 c5 2. Nc3 Nc6 3. g3 g6 4. Bg2 Bg7 5. d3 e6 6. Nge2 Nge7 7. Be3 Nd4 8. Nf4 Rb8 9. Qd2 Qa5 10. O-O d6 11. Nh3 h6 12. f4 f5 13. Rae1 Bd7 14. Qf2 Nec6 15. a3 O-O 16. Kh1 b5 17. Nd1 Qa4 18. c3 Nc2 19. Re2 Nxe3 20. Nxe3 b4 21. axb4 cxb4 22. d4 Na5 23. Rd2 Rfc8 24. cxb4 Nb3 25. Rc2 Bxd4 26. Rxc8+ Rxc8 27. exf5 gxf5 28. Qf3 Nd2 29. Qh5 Kg7 30. Qe2 Bxe3 31. Qxe3 Nxf1 32. Bxf1 Qc6+ 33. Kg1 Qb6 34. Qxb6 axb6 35. Bd3 e5 0-1

[Event "North Bay int"]
[Site "North Bay CAN"]
[Date "1998.08.05"]
[Round "1"]
[White "Gamback, Bjorn"]
[Black "Wen, Jean-Francois"]
[Result "1/2-1/2"]
[WhiteElo "2215"]
[BlackElo "2217"]
[PlyCount "67"]
[GameId "2160767911806538"]
[EventDate "1998.08.05"]
[EventType "swiss"]
[EventRounds "9"]
[EventCountry "CAN"]
[SourceTitle "EXT 99"]
[Source "ChessBase"]
[SourceDate "1998.11.10"]
[SourceVersion "1"]
[SourceVersionDate "1998.11.10"]
[SourceQuality "1"]

1. e4 e6 2. d4 d5 3. e5 c5 4. Nf3 Nc6 5. Bd3 cxd4 6. O-O Bc5 7. Nbd2 f6 8. Nb3 Bb6 9. Bf4 fxe5 10. Nxe5 Nf6 11. Bb5 Bd7 12. Bxc6 bxc6 13. Nxd4 c5 14. Ndf3 O-O 15. Bg3 Ne4 16. Re1 Be8 17. c4 Nxg3 18. hxg3 d4 19. Qd3 Bc7 20. b4 cxb4 21. Qxd4 Qxd4 22. Nxd4 Bb6 23. Nef3 Bf7 24. Nc6 Bh5 25. Nce5 Rad8 26. g4 Be8 27. Rad1 Ba4 28. Rd3 Rxd3 29. Nxd3 b3 30. axb3 Bxb3 31. Rc1 Rd8 32. Nfe5 Rd4 33. Kf1 Bc7 34. f3 1/2-1/2

[Event "North Bay int"]
[Site "North Bay CAN"]
[Date "1998.08.05"]
[Round "1"]
[White "Gardner, Robert"]
[Black "Howarth, Anthony"]
[Result "1-0"]
[WhiteElo "2185"]
[BlackElo "2214"]
[PlyCount "65"]
[GameId "2160767911806539"]
[EventDate "1998.08.05"]
[EventType "swiss"]
[EventRounds "9"]
[EventCountry "CAN"]
[SourceTitle "EXT 99"]
[Source "ChessBase"]
[SourceDate "1998.11.10"]
[SourceVersion "1"]
[SourceVersionDate "1998.11.10"]
[SourceQuality "1"]

1. e4 g6 2. d4 Bg7 3. Nc3 d6 4. g3 Nc6 5. Be3 e5 6. d5 Nce7 7. g4 f5 8. gxf5 gxf5 9. Qh5+ Kf8 10. exf5 Nf6 11. Qe2 Nxf5 12. O-O-O Nxe3 13. Qxe3 Ng4 14. Qe2 Qf6 15. Nh3 Bf5 16. Kb1 e4 17. Bg2 Re8 18. Nf4 Qh6 19. Ne6+ Bxe6 20. dxe6 Qxe6 21. Bh3 h5 22. f3 Bxc3 23. bxc3 exf3 24. Qxf3+ Kg8 25. Rhg1 Rh7 26. Bxg4 hxg4 27. Rxg4+ Kh8 28. Qg2 Ree7 29. Rg1 Re8 30. Qd2 Rh5 31. Qd4+ Qe5 32. Re4 Qxd4 33. Rxe8+ 1-0